O ekonomických názoroch Staroveku
Prvé písomné práce z oblasti ekonómie a ekonomiky. Začiatky ekonomického myslenia od antického Grécka. Hlavní predstavitelia ekonomického myslenia v antickom Grécku a starovekom Ríme. Rozdiel medzi gréckymi filozofmi a rímskymi mysliteľmi.
Na minha lista:
| Autor principal: | |
|---|---|
| Formato: | Capítulo de Livro |
| Idioma: | eslovaco |
| Assuntos: | |
| Tags: |
Sem tags, seja o primeiro a adicionar uma tag!
|
MARC
| LEADER | 00000naa$a2200000$$$4500 | ||
|---|---|---|---|
| 001 | 0005945 | ||
| 005 | 20240502071350.7 | ||
| 041 | 0 | |a slo | |
| 044 | |a SK | ||
| 245 | 1 | 0 | |a O ekonomických názoroch Staroveku |c aut. František Melišek |
| 520 | |a Prvé písomné práce z oblasti ekonómie a ekonomiky. Začiatky ekonomického myslenia od antického Grécka. Hlavní predstavitelia ekonomického myslenia v antickom Grécku a starovekom Ríme. Rozdiel medzi gréckymi filozofmi a rímskymi mysliteľmi. | ||
| 610 | 2 | 0 | |a teórie ekonomické |
| 610 | 2 | 0 | |a dejiny myslenia ekonomického |
| 610 | 2 | 0 | |a ekonómia |
| 610 | 2 | 0 | |a filozofia |
| 100 | 1 | |a Melišek, František | |